| 000 | 00795cam a22002535a 4500 | ||
|---|---|---|---|
| 001 | L154891 | ||
| 008 | 120130s2011 xxko f 000 0 eng d | ||
| 020 | _a9781848062290 | ||
| 035 | _a(Sirsi) u154891 | ||
| 041 | 0 | _aeng | |
| 100 | 1 | _aSutton, Andy | |
| 245 | 0 | 0 | _aNatural fibre insulation |
| 260 |
_aWatford _bBRE _c2011 |
||
| 300 |
_a4p. _bill. _c30cm. |
||
| 490 | 0 |
_aBRE Information Paper _v(18/11) |
|
| 520 | _aGives a broad overview of the advantages and disadvantages of natural fibre insulation in construction projects. | ||
| 521 | _aAdvanced | ||
| 590 | _aKA | ||
| 651 | 4 |
_aUnited Kingdom _y |
|
| 690 | _aBUILT ENVIRONMENT-BUILDING MATERIALS-NON TIMBER ANIMAL AND VEGETABLE MATERIALS-VEGETABLE MATERIAL | ||
| 700 | 1 | _aBlack, Daniel | |
| 700 | 1 | _aWalker, Peter | |
| 942 | _n0 | ||
| 999 |
_c113219 _d113219 |
||